ბათუმის შოთა რუსთაველის სახელმწიფო უნივერსიტეტის ბიბლიოთეკა

ჩანაწერი Geographic Name

ჩანაწერთა რაოდენობა, რომელიც გამოყენებულია: 1

001 - CONTROL NUMBER

  • control field: 10998

003 - CONTROL NUMBER IDENTIFIER

  • control field: GE_BSU

005 - DATE AND TIME OF LATEST TRANSACTION

  • control field: 20210402123956.0

008 - FIXED-LENGTH DATA ELEMENTS

  • fixed length control field: 210402|| aca||aabn | a|a d

040 ## - CATALOGING SOURCE

  • Original cataloging agency: GE_BSU
  • Transcribing agency: GE_BSU

151 ## - HEADING--GEOGRAPHIC NAME

  • Geographic name: Soviet Union
  • General subdivision: Politics and government
  • Chronological subdivision: 1985-1991.

670 ## - SOURCE DATA FOUND

  • Source citation: Work cat.: (GE_BSU)0: Sebestyen, Victor, 1956- 10997, Revolution 1989 :, 2010, c2009.